000 00674cam a2200229 4500500
005 20260329003328.0
041 _afre
042 _adc
100 1 0 _aFereday, Jack
_eauthor
245 0 0 _aQui est Charlie ? Sociologie d’une crise religieuse
260 _c2015.
500 _a77
690 _a11 janvier
690 _aCatherine Portevin
690 _aCharlie
690 _aEmmanuel Todd
690 _aFrance
690 _aMartin Legros
690 _aReligion
786 0 _nPhilosophie magazine | 90 | 6 | 2015-06-01 | p. 51-54 | 1951-1787
856 4 1 _uhttps://shs.cairn.info/magazine-philosophie-magazine-2015-6-page-51?lang=fr&redirect-ssocas=7080
999 _c1823579
_d1823579